[Event "XXVIII C.to Italiano a squadre"]
[Site "ITA"]
[Date "1996.??.??"]
[Round "?"]
[White "Ianniello, Riccardo"]
[Black "Gervasi, Giancarlo"]
[WhiteElo "2330"]
[BlackElo "2325"]
[Result "0-1"]
[PlyCount "83"]
[EventDate "1996.02.25"]

1. e4 c6 2. Nf3 d5 3. e5 Bg4 4. c3 e6 5. Be2 Ne7 6. O-O Nd7 7. Ne1 Bxe2 8. Qxe2
c5 9. f4 h5 10. Nf3 Nf5 11. d3 Be7 12. Na3 g6 13. Nc2 Qb6 14. Ne3 O-O-O 15.
Nxf5 gxf5 16. Be3 Qa6 17. a3 f6 18. Bf2 fxe5 19. Nxe5 Nxe5 20. Qxe5 Qd6 21. Qe3
Rdg8 22. Kh1 Rg4 23. Rae1 Kd7 24. b4 b6 25. h3 Rg6 26. bxc5 Qxc5 27. Qe5 Qc8
28. c4 Qa8 29. Rg1 Bd6 30. Qb2 Rhg8 31. Be3 dxc4 32. dxc4 Rg3 33. Kh2 Rxe3 34.
Rxe3 Bxf4+ 35. Kh1 Bxe3 36. Rd1+ Ke7 37. Qe2 f4 38. Rb1 Rg3 39. Kh2 Qe4 40. Re1
f3 41. Qxe3 Qxe3 42. Rxe3 0-1

[Event "XXVIII C.to Italiano a squadre"]
[Site "ITA"]
[Date "1996.??.??"]
[Round "?"]
[White "Iotti, Pierluigi"]
[Black "Martorelli, Antonio"]
[WhiteElo "2285"]
[BlackElo "2305"]
[Result "1-0"]
[PlyCount "53"]
[EventDate "1996.02.25"]

1. d4 d5 2. c4 c6 3. Nf3 e6 4. e3 Nf6 5. Nc3 Nbd7 6. Qc2 Bd6 7. b3 O-O 8. Be2
e5 9. cxd5 cxd5 10. dxe5 Nxe5 11. O-O Bg4 12. Bb2 Nxf3+ 13. Bxf3 Bxf3 14. gxf3
Qc7 15. Qf5 Rfe8 16. Nb5 Bxh2+ 17. Kg2 Qb6 18. Kxh2 Qxb5 19. Rg1 Kf8 20. Rxg7
Re6 21. Bxf6 Qc6 22. Bd4 Rh6+ 23. Kg2 f6 24. Rxh7 Rxh7 25. Qxh7 Re8 26. Rh1 Re6
27. Qh8+ 1-0

[Event "XXVIII C.to Italiano a squadre"]
[Site "ITA"]
[Date "1996.??.??"]
[Round "?"]
[White "Isonzo, David"]
[Black "Blasco, Domenico"]
[WhiteElo "2175"]
[BlackElo "2210"]
[Result "1/2-1/2"]
[PlyCount "83"]
[EventDate "1996.02.25"]

1. Nf3 Nf6 2. g3 g6 3. Bg2 Bg7 4. O-O O-O 5. d3 d6 6. e4 e5 7. Nbd2 c6 8. a4 a5
9. Nc4 b5 10. Ne3 Ng4 11. d4 Nxe3 12. Bxe3 Qe7 13. Qd2 b4 14. Rfd1 Nd7 15. dxe5
Nxe5 16. Nxe5 Bxe5 17. Rab1 Rd8 18. f4 Bg7 19. Bb6 Rd7 20. Bd4 Bxd4+ 21. Qxd4
c5 22. Qf2 Bb7 23. Re1 Rad8 24. Rbd1 Qf8 25. f5 Qe7 26. Bh3 Rc7 27. Qf4 g5 28.
Qd2 f6 29. Bf1 Qe5 30. b3 Kg7 31. Qe3 Bc6 32. Bc4 Be8 33. Rd5 Qe7 34. h4 h6 35.
hxg5 hxg5 36. e5 dxe5 37. Red1 Rxd5 38. Rxd5 Rd7 39. Rd3 Bf7 40. Bxf7 Rxd3 41.
Qxd3 Kxf7 42. Qd5+ 1/2-1/2

[Event "XXVIII C.to Italiano a squadre"]
[Site "ITA"]
[Date "1996.??.??"]
[Round "?"]
[White "Lampic, Teo"]
[Black "Di Paolo, Marco"]
[WhiteElo "2275"]
[BlackElo "1833"]
[Result "0-1"]
[PlyCount "44"]
[EventDate "1996.02.25"]

1. e4 c5 2. c3 e6 3. d4 d5 4. e5 Qb6 5. Nf3 Bd7 6. a4 Nc6 7. Be2 Nh6 8. dxc5
Bxc5 9. a5 Nxa5 10. Rxa5 Qxa5 11. b4 Qb6 12. Bxh6 Bxf2+ 13. Kf1 gxh6 14. g3 a5
15. Kg2 axb4 16. cxb4 Be3 17. Qd3 d4 18. b5 Qc5 19. Rd1 Ra2 20. Kf1 Rxe2 21.
Qxe2 Bxb5 22. Rd3 Qc1+ 0-1

[Event "XXVIII C.to Italiano a squadre"]
[Site "ITA"]
[Date "1996.??.??"]
[Round "?"]
[White "Leoncini, Mario"]
[Black "Sanchirico, Alessio"]
[WhiteElo "2195"]
[BlackElo "2040"]
[Result "1-0"]
[PlyCount "83"]
[EventDate "1996.02.25"]

1. e4 c5 2. c3 d5 3. exd5 Qxd5 4. d4 Nc6 5. Nf3 Bg4 6. Be2 Rd8 7. c4 Qd7 8. d5
Bxf3 9. Bxf3 Ne5 10. Be2 e6 11. Nc3 Nf6 12. f4 Ng6 13. O-O a6 14. f5 exf5 15.
Bd3 Ne4 16. Nxe4 fxe4 17. Bxe4 Be7 18. Bf5 Qd6 19. Qa4+ Kf8 20. Be3 b5 21. cxb5
axb5 22. Qxb5 Qxd5 23. Rac1 Nh4 24. Bh3 g5 25. Bxc5 Bxc5+ 26. Qxc5+ Qxc5+ 27.
Rxc5 g4 28. Bxg4 Rg8 29. Bh3 Rg7 30. Rc2 Rd3 31. Kh1 Ke7 32. g3 Nf3 33. Re2+
Kf8 34. Bf5 Nxh2 35. Rxh2 Rdxg3 36. Bxh7 R3g5 37. a4 Ra5 38. Bc2 Rg3 39. b4 Ra7
40. b5 Rg5 41. Rb1 f5 42. b6 1-0

[Event "XXVIII C.to Italiano a squadre"]
[Site "ITA"]
[Date "1996.??.??"]
[Round "?"]
[White "Lostuzzi, Manlio"]
[Black "Bresciani, Brunetto"]
[WhiteElo "2325"]
[BlackElo "1600"]
[Result "1-0"]
[PlyCount "83"]
[EventDate "1996.02.25"]

1. c4 Nf6 2. Nc3 c5 3. e4 d6 4. h3 Nc6 5. g4 g6 6. Bg2 Bg7 7. Nge2 Nd4 8. Nxd4
cxd4 9. Ne2 Qa5 10. Nxd4 h5 11. Nb3 Qb4 12. g5 Nh7 13. O-O Nxg5 14. d4 Ne6 15.
Qd3 Bd7 16. Bd2 Qb6 17. Be3 Rc8 18. f4 Qa6 19. f5 gxf5 20. exf5 Nd8 21. Rac1
Nc6 22. a3 Bf6 23. Kh1 Rg8 24. Rg1 Kd8 25. Bd5 Rxg1+ 26. Rxg1 e6 27. fxe6 fxe6
28. Qg6 exd5 29. Qxf6+ Kc7 30. c5 dxc5 31. Bf4+ Kb6 32. Nxc5 Qe2 33. Nxd7+ Kb5
34. Be5 Qe4+ 35. Rg2 Nxe5 36. Qxe5 Rc1+ 37. Kh2 Rd1 38. a4+ Kc6 39. Nb8+ Kb6
40. Qd6+ Ka5 41. Qc5+ Kxa4 42. b3+ 1-0

[Event "XXVIII C.to Italiano a squadre"]
[Site "ITA"]
[Date "1996.??.??"]
[Round "?"]
[White "Luciani, Carlo"]
[Black "Tamai, Roberto"]
[WhiteElo "2290"]
[BlackElo "2305"]
[Result "0-1"]
[PlyCount "72"]
[EventDate "1996.02.25"]

1. e4 e6 2. d4 d5 3. Nd2 Nf6 4. e5 Nfd7 5. c3 c5 6. Bd3 Nc6 7. Ne2 Nb6 8. Nf3
Bd7 9. O-O a5 10. a4 c4 11. Bc2 Be7 12. Kh1 Qc7 13. Ne1 f5 14. exf6 gxf6 15.
Bf4 e5 16. dxe5 fxe5 17. Bg3 O-O-O 18. Nd4 Na7 19. Qh5 Bd6 20. Nf5 Bxf5 21.
Bxf5+ Kb8 22. Nf3 Rdf8 23. Bh3 Nc6 24. Nh4 e4 25. Nf5 Bxg3 26. fxg3 Qe5 27. Qe2
Rf6 28. Qe3 Kc7 29. g4 Rhf8 30. Rfd1 h5 31. Qc5 hxg4 32. Nd4 gxh3 33. Nb5+ Kb8
34. Qxb6 hxg2+ 35. Kg1 Rf1+ 36. Rxf1 gxf1=Q+ 0-1

[Event "XXVIII C.to Italiano a squadre"]
[Site "ITA"]
[Date "1996.??.??"]
[Round "?"]
[White "Luciani, Carlo"]
[Black "Tonon, Alessandro"]
[WhiteElo "2290"]
[BlackElo "2031"]
[Result "1/2-1/2"]
[PlyCount "121"]
[EventDate "1996.02.25"]

1. e4 Nf6 2. e5 Nd5 3. d4 d6 4. Bc4 Nb6 5. Bb3 dxe5 6. Qh5 e6 7. dxe5 a5 8. a4
Na6 9. Nf3 h6 10. Bg5 Be7 11. Bxe7 Qxe7 12. Nc3 Nc5 13. O-O Bd7 14. Nd4 O-O 15.
Rfe1 Rfd8 16. h4 Be8 17. Qg4 Nxb3 18. Nxb3 Bc6 19. Re3 Kh8 20. Rg3 Rg8 21. Rd1
Nd7 22. Qf4 b6 23. Nd4 Bb7 24. Nf3 Rad8 25. Nh2 Nc5 26. Rxd8 Rxd8 27. Ng4 Qf8
28. h5 Rd7 29. Ne3 Na6 30. Nb5 Qb4 31. c4 Qxb2 32. Kh2 Qb4 33. Nd4 Qb1 34. Ng4
Qe4 35. Nxe6 Qxf4 36. Nxf4 Nc5 37. Ne3 Be4 38. Rg4 Bc6 39. Nfd5 Bxd5 40. cxd5
Nd3 41. f4 Kg8 42. Nf5 Kf8 43. Nxg7 Rxd5 44. Nf5 f6 45. Nxh6 fxe5 46. f5 Rd4
47. Rg8+ Ke7 48. Ng4 Kf7 49. Rg6 Rd6 50. f6 Rd8 51. Rg7+ Ke6 52. h6 Rf8 53. h7
Rh8 54. Kg3 Nf4 55. Re7+ Kd6 56. Rxe5 Nd5 57. Rh5 Ke6 58. Kh4 b5 59. axb5 a4
60. Kg5 a3 61. Rh1 1/2-1/2

[Event "XXVIII C.to Italiano a squadre"]
[Site "ITA"]
[Date "1996.??.??"]
[Round "?"]
[White "Malloni, Marcello"]
[Black "Vallifuoco, Giacomo"]
[WhiteElo "2230"]
[BlackElo "2395"]
[Result "0-1"]
[PlyCount "60"]
[EventDate "1996.02.25"]

1. d4 Nf6 2. c4 e6 3. Nc3 Bb4 4. Qc2 c5 5. dxc5 Na6 6. a3 Qa5 7. Bd2 Nxc5 8.
Rd1 Bxc3 9. Bxc3 Qa4 10. Qxa4 Nxa4 11. Bd4 b6 12. f3 Ba6 13. e4 Rc8 14. b3 Nc5
15. Rb1 d6 16. Nh3 Ke7 17. Be2 g5 18. Nf2 Rhg8 19. O-O h5 20. Rfc1 e5 21. Be3
g4 22. Kf1 gxf3 23. gxf3 Rg6 24. Nd1 Rcg8 25. Bf2 Bc8 26. Ne3 Bh3+ 27. Ke1 Ne6
28. Bh4 Kf8 29. b4 Nd4 30. Kf2 Rg2+ 0-1

[Event "XXVIII C.to Italiano a squadre"]
[Site "ITA"]
[Date "1996.??.??"]
[Round "?"]
[White "Malloni, Marcello"]
[Black "Verrascina, Roberto"]
[WhiteElo "2230"]
[BlackElo "2225"]
[Result "1-0"]
[PlyCount "89"]
[EventDate "1996.02.25"]

1. d4 g6 2. e4 Bg7 3. Nf3 c6 4. Nc3 b5 5. e5 f5 6. h4 h6 7. a4 b4 8. Ne2 e6 9.
Nf4 Ne7 10. c4 Bb7 11. a5 Kf7 12. Rh3 Qc7 13. Nd3 Na6 14. c5 Nd5 15. Rg3 Bf8
16. Nf4 Nxf4 17. Bxf4 Qd8 18. Bc4 Be7 19. Qd3 Bxh4 20. Rh3 Be7 21. Bxh6 Nc7 22.
Ke2 Nd5 23. Qd2 Rb8 24. a6 Ba8 25. Rah1 Qg8 26. g3 Nc7 27. R1h2 Nb5 28. Kf1 Nc7
29. Kg2 Ne8 30. Ng5+ Bxg5 31. Bxg5 Rxh3 32. Rxh3 Ng7 33. f3 Nh5 34. Kg1 Rb5 35.
g4 Ng7 36. Bf6 Ra5 37. Qxb4 Ra1+ 38. Kg2 Rc1 39. b3 Rc2+ 40. Kg1 Rc1+ 41. Bf1
fxg4 42. fxg4 Nh5 43. Qd2 Rxf1+ 44. Kxf1 Nxf6 45. Qf4 1-0

[Event "XXVIII C.to Italiano a squadre"]
[Site "ITA"]
[Date "1996.??.??"]
[Round "?"]
[White "Manca, Federico"]
[Black "Mascellani, Marco"]
[WhiteElo "2350"]
[BlackElo "2225"]
[Result "0-1"]
[PlyCount "104"]
[EventDate "1996.02.25"]

1. e4 c5 2. c3 g6 3. Nf3 Bg7 4. Bc4 d6 5. O-O Nf6 6. e5 dxe5 7. Nxe5 O-O 8. d4
cxd4 9. cxd4 Nc6 10. Nxc6 bxc6 11. Nc3 Qd6 12. h3 Rd8 13. Be3 Nd5 14. Ne4 Qb8
15. Bb3 e5 16. Bg5 Rf8 17. Rc1 Bf5 18. Ng3 Bd7 19. Qd2 Re8 20. Ne4 Qb6 21. Nd6
Re6 22. dxe5 Bxe5 23. Nc4 Qd4 24. Rfd1 Qxd2 25. Rxd2 Rae8 26. Ne3 Rd6 27. Nxd5
cxd5 28. Bxd5 Bxb2 29. Rb1 Ba3 30. Bf4 Rf6 31. Be3 Bf5 32. Rbd1 Bb4 33. Re2 a5
34. g4 Bd7 35. Kg2 Kf8 36. Rc2 Rd6 37. Rc7 Be6 38. Bxe6 Rdxe6 39. Rdc1 Kg7 40.
Ra7 Rd8 41. Rcc7 Rf8 42. a4 Re4 43. Kf3 Re6 44. Bd4+ Kg8 45. Rd7 Rc6 46. Rac7
Ra6 47. g5 Re6 48. h4 Re1 49. Bf6 Ree8 50. Kg4 Re4+ 51. f4 Re3 52. Bd4 h5+ 0-1

[Event "XXVIII C.to Italiano a squadre"]
[Site "ITA"]
[Date "1996.??.??"]
[Round "?"]
[White "Mariani, Stefano"]
[Black "Giacometti, Carlo"]
[WhiteElo "1866"]
[BlackElo "1947"]
[Result "1-0"]
[PlyCount "83"]
[EventDate "1996.02.25"]

1. e4 e6 2. d4 d5 3. Nd2 c5 4. exd5 exd5 5. Ngf3 Nc6 6. dxc5 Bxc5 7. Nb3 Bd6 8.
Bg5 Nge7 9. Be2 O-O 10. O-O Qc7 11. c3 h6 12. Bh4 Bg4 13. Bg3 Rfe8 14. Re1 Rad8
15. Nbd4 a6 16. Qd2 Ng6 17. Bxd6 Qxd6 18. h3 Bc8 19. Rad1 Nf4 20. Bf1 Nh5 21.
Rxe8+ Rxe8 22. Nc2 Qg6 23. Bd3 Qf6 24. Re1 Rd8 25. Qe3 g5 26. Ncd4 Nf4 27. Bf1
Bd7 28. Qd2 h5 29. Nxc6 bxc6 30. Ne5 Bc8 31. Nd3 Nxd3 32. Bxd3 c5 33. Bc2 Bf5
34. Bxf5 Qxf5 35. Qe2 Qg6 36. Qe7 Rb8 37. Re5 f6 38. Rxd5 Rf8 39. Rd7 Re8 40.
Qxc5 Qb1+ 41. Kh2 Qxa2 42. Qf5 1-0

[Event "XXVIII C.to Italiano a squadre"]
[Site "ITA"]
[Date "1996.??.??"]
[Round "?"]
[White "Mariani, Stefano"]
[Black "Mondello, Gabriele"]
[WhiteElo "1866"]
[BlackElo "1789"]
[Result "1/2-1/2"]
[PlyCount "98"]
[EventDate "1996.02.25"]

1. e4 c5 2. Nf3 Nc6 3. d4 cxd4 4. Nxd4 Nf6 5. Nc3 e5 6. Ndb5 d6 7. Bg5 a6 8.
Na3 b5 9. Nd5 Be7 10. Bxf6 Bxf6 11. g3 Be6 12. Bg2 Ne7 13. Nxe7 Bxe7 14. c3 O-O
15. O-O Rb8 16. Nc2 f5 17. exf5 Bxf5 18. Ne3 Be6 19. Bd5 Qd7 20. Qg4 Rf6 21.
Rad1 Kh8 22. Bxe6 Qxe6 23. Qxe6 Rxe6 24. Nd5 Rb7 25. Rfe1 Kg8 26. Rd3 Kf7 27.
Kg2 Ke8 28. Re4 Kd7 29. Kf3 Bf6 30. Ke2 Re8 31. Rg4 Ke6 32. f3 Rc8 33. Re4 Rc5
34. Nf4+ Kd7 35. Nh5 Rc4 36. g4 Rxe4+ 37. fxe4 Ke6 38. Ng3 g6 39. Nf1 Bg5 40.
Rf3 Bf4 41. Kd3 d5 42. exd5+ Kxd5 43. Ne3+ Bxe3 44. Kxe3 b4 45. Rf6 bxc3 46.
bxc3 Rc7 47. Rxa6 Rxc3+ 48. Kf2 Rc2+ 49. Kg3 Rc3+ 1/2-1/2

[Event "XXVIII C.to Italiano a squadre"]
[Site "ITA"]
[Date "1996.??.??"]
[Round "?"]
[White "Mariotti, Sergio"]
[Black "Corvi, Marco"]
[WhiteElo "2435"]
[BlackElo "2215"]
[Result "1-0"]
[PlyCount "125"]
[EventDate "1996.02.25"]

1. e4 Nf6 2. e5 Nd5 3. d4 d6 4. Nf3 Bg4 5. Be2 e6 6. c4 Nb6 7. exd6 cxd6 8. O-O
Be7 9. b3 O-O 10. Bb2 d5 11. c5 Nc8 12. Ne5 Bf5 13. Bd3 Bg6 14. Bxg6 hxg6 15.
Nd2 Nc6 16. Ndf3 Bf6 17. a3 Bxe5 18. dxe5 N8e7 19. b4 Nf5 20. Re1 Nh4 21. Rc1
Nxf3+ 22. Qxf3 Qg5 23. Rcd1 Rad8 24. Bc1 Qf5 25. Qxf5 gxf5 26. Bd2 a6 27. a4
Ra8 28. Rb1 Rfc8 29. f4 Nd4 30. Bc3 Nc2 31. Re2 Na3 32. Rb3 Nc4 33. Bd4 Kf8 34.
Rc2 Ke7 35. Rg3 Rg8 36. h4 g6 37. Rgc3 Rh8 38. g3 Rhc8 39. Kf2 Kd7 40. Ke2 Rc7
41. Kd3 Rac8 42. Bf2 g5 43. hxg5 Rh8 44. Rxc4 dxc4+ 45. Kxc4 Rh1 46. b5 Rb1 47.
c6+ bxc6 48. b6 Rb7 49. Rd2+ Kc8 50. g6 fxg6 51. Rd6 Rc1+ 52. Kb4 Rd7 53. Rxe6
Kb7 54. Rxg6 a5+ 55. Kxa5 Rc4 56. Rd6 Rxd6 57. exd6 Rc2 58. Be3 Rc3 59. Bd4 Rd3
60. Bc5 Rb3 61. g4 fxg4 62. f5 g3 63. f6 1-0

[Event "XXVIII C.to Italiano a squadre"]
[Site "ITA"]
[Date "1996.??.??"]
[Round "?"]
[White "Mione, Dario"]
[Black "Luciani, Carlo"]
[WhiteElo "2086"]
[BlackElo "2290"]
[Result "1-0"]
[PlyCount "107"]
[EventDate "1996.02.25"]

1. e4 e5 2. Bc4 Nc6 3. Nf3 Bc5 4. b4 Bxb4 5. c3 Be7 6. d4 Na5 7. Be2 exd4 8.
Qxd4 Kf8 9. O-O d6 10. Rd1 Qe8 11. Ba3 Nf6 12. c4 b6 13. Nc3 Bb7 14. Nd5 c5 15.
Qd3 Bxd5 16. exd5 Nd7 17. Bb2 Bf6 18. Bxf6 Nxf6 19. Re1 Qe4 20. Qc3 Nd7 21. Bf1
Qf4 22. g3 Qf6 23. Qe3 h6 24. Rac1 g6 25. Bh3 Ne5 26. Nxe5 dxe5 27. Qxe5 Qxe5
28. Rxe5 Kg7 29. Bd7 Rhd8 30. Ba4 Kf8 31. Kf1 Rab8 32. Bb5 Nb7 33. h4 h5 34.
Re3 Nd6 35. a4 a5 36. Rb1 Nf5 37. Reb3 Nd4 38. R3b2 Rd6 39. Bc6 Nxc6 40. Rxb6
Rc8 41. dxc6 Rcxc6 42. Rxc6 Rxc6 43. Rb5 Ke7 44. Rxa5 Kd6 45. Ke2 Ke5 46. Ke3
Rc7 47. Rb5 Kd6 48. Rb6+ Ke5 49. a5 f6 50. a6 Re7 51. Rc6 g5 52. Rxc5+ Kd6+ 53.
Kd4 Re1 54. Rd5+ 1-0

[Event "XXVIII C.to Italiano a squadre"]
[Site "ITA"]
[Date "1996.??.??"]
[Round "?"]
[White "Mione, Dario"]
[Black "Minarelli, Guido"]
[WhiteElo "2086"]
[BlackElo "2250"]
[Result "0-1"]
[PlyCount "64"]
[EventDate "1996.02.25"]

1. e4 Nf6 2. e5 Nd5 3. d4 d6 4. Nf3 g6 5. Be2 Bg7 6. O-O O-O 7. c4 Nb6 8. Nc3
Nc6 9. exd6 cxd6 10. Be3 Bg4 11. b3 e5 12. d5 Ne7 13. c5 dxc5 14. Bxc5 Rc8 15.
b4 Nd7 16. Bxe7 Qxe7 17. d6 Qd8 18. Nd5 Kh8 19. Ne7 Bxf3 20. Bxf3 Rc4 21. Qa4
Nb6 22. Qxa7 Qxd6 23. Rac1 e4 24. Be2 Rxc1 25. Rxc1 Qd2 26. Rf1 Bd4 27. Bd1 e3
28. fxe3 Qxe3+ 29. Kh1 Qxe7 30. Bf3 Ra8 31. Qxb7 Qxb7 32. Bxb7 Rxa2 0-1

[Event "XXVIII C.to Italiano a squadre"]
[Site "ITA"]
[Date "1996.??.??"]
[Round "?"]
[White "Mocchi, Tullio"]
[Black "Bresciani, Brunetto"]
[WhiteElo "2023"]
[BlackElo "1600"]
[Result "1-0"]
[PlyCount "65"]
[EventDate "1996.02.25"]

1. e4 c5 2. Nf3 d6 3. c3 Nf6 4. h3 Nbd7 5. Bd3 g6 6. Bc2 Bg7 7. d4 O-O 8. O-O
Qc7 9. Re1 e5 10. a4 b6 11. dxe5 dxe5 12. Na3 Ba6 13. Bg5 h6 14. Bh4 Nh5 15.
Bd3 c4 16. Bxc4 Bxc4 17. Nxc4 g5 18. Bg3 Nxg3 19. fxg3 Qxc4 20. Qxd7 Rfd8 21.
Qb5 Qe6 22. g4 Rac8 23. Red1 Bf8 24. Kh1 Rc5 25. Rxd8 Rxb5 26. axb5 Qe7 27. Rd5
Qc7 28. Nxe5 Bd6 29. Nc6 Bg3 30. e5 a5 31. bxa6 Qxc6 32. Rd8+ Kg7 33. a7 1-0

[Event "XXVIII C.to Italiano a squadre"]
[Site "ITA"]
[Date "1996.??.??"]
[Round "?"]
[White "Mogranzini, Roberto"]
[Black "Refi, Marcello"]
[WhiteElo "1771"]
[BlackElo "1591"]
[Result "1/2-1/2"]
[PlyCount "122"]
[EventDate "1996.02.25"]

1. Nf3 f5 2. g3 Nf6 3. Bg2 g6 4. O-O Bg7 5. d3 d6 6. c3 O-O 7. Qb3+ d5 8. Be3
c6 9. Na3 Qe8 10. Bd4 Nbd7 11. Ne5 Nxe5 12. Bxe5 e6 13. c4 Kh8 14. Qc3 Qd7 15.
b4 a6 16. Rfd1 Ng4 17. Bxg7+ Qxg7 18. Qxg7+ Kxg7 19. h3 Ne5 20. f4 Nf7 21. e4
dxe4 22. dxe4 e5 23. Kh2 fxe4 24. Bxe4 exf4 25. gxf4 Nh6 26. Kg3 Nf5+ 27. Bxf5
Bxf5 28. c5 Rfe8 29. Re1 Rad8 30. Rxe8 Rxe8 31. Nc4 Re4 32. Rc1 Be6 33. Nd6
Rxb4 34. Re1 Kf6 35. Ne8+ Kf7 36. Nd6+ Ke7 37. Re2 Ra4 38. Rb2 Ra3+ 39. Kg2
Rxa2 40. Rxa2 Bxa2 41. Nxb7 Bd5+ 42. Kg3 Ke6 43. Kg4 Be4 44. Kg5 h5 45. h4 Kd5
46. Kf6 a5 47. Nxa5 Kxc5 48. Nb3+ Kd5 49. Nd2 Bf5 50. Nf3 c5 51. Ne5 c4 52.
Nxg6 Bxg6 53. Kxg6 c3 54. f5 c2 55. f6 c1=Q 56. f7 Qc5 57. Kg7 Qc3+ 58. Kg8 Qd3
59. Kh8 Qf5 60. Kg7 Ke6 61. Kh8 Kxf7 1/2-1/2

[Event "XXVIII C.to Italiano a squadre"]
[Site "ITA"]
[Date "1996.??.??"]
[Round "?"]
[White "Moncelli, Giorgio"]
[Black "Petrillo, Agostino"]
[WhiteElo "2145"]
[BlackElo "2020"]
[Result "1/2-1/2"]
[PlyCount "87"]
[EventDate "1996.02.25"]

1. d4 c5 2. e3 Nf6 3. Nf3 g6 4. Be2 Bg7 5. O-O O-O 6. b3 Ne4 7. Bb2 Nc6 8. Nbd2
d5 9. c3 f5 10. Qc2 Bd7 11. Rac1 Rc8 12. Qb1 Qa5 13. Rfd1 cxd4 14. cxd4 Nxd2
15. Rxd2 f4 16. Rc5 Qb4 17. Rb5 Bf5 18. Qd1 Qd6 19. Rxd5 Qb8 20. Rc5 fxe3 21.
fxe3 b6 22. Rc1 Bh6 23. Bc4+ e6 24. Qe2 b5 25. Bd3 Bg4 26. Be4 Ne7 27. Rdc2 Nd5
28. Rxc8 Rxc8 29. Rxc8+ Qxc8 30. h3 Bf5 31. Bxd5 exd5 32. Qxb5 Bxe3+ 33. Kh1
Be4 34. Qe2 Bf4 35. Kg1 Qc2 36. Qxc2 Bxc2 37. Kf2 Kf7 38. Ne5+ Ke6 39. Nc6 Bb1
40. Nxa7 Bxa2 41. b4 Bd6 42. Bc3 Kd7 43. Nb5 Bc4 44. Nxd6 1/2-1/2

[Event "XXVIII C.to Italiano a squadre"]
[Site "ITA"]
[Date "1996.??.??"]
[Round "?"]
[White "Mosna, Stefano"]
[Black "Biasizzo, Maurizio"]
[WhiteElo "2225"]
[BlackElo "1813"]
[Result "1/2-1/2"]
[PlyCount "94"]
[EventDate "1996.02.25"]

1. e4 e5 2. Nf3 Nc6 3. Bb5 a6 4. Ba4 d6 5. Bxc6+ bxc6 6. d4 exd4 7. Qxd4 c5 8.
Qd3 g6 9. Bg5 f6 10. Bf4 Rb8 11. Nbd2 Bg7 12. Nc4 Ne7 13. Rd1 O-O 14. O-O Be6
15. b3 Qc8 16. Ne3 Qb7 17. Rfe1 Rfe8 18. Nd5 Nxd5 19. exd5 Bf5 20. Qd2 Re4 21.
c3 Rbe8 22. c4 Qc8 23. Rxe4 Rxe4 24. Re1 Qe8 25. h3 Rxe1+ 26. Nxe1 h5 27. Be3
Qe4 28. Qa5 Qb1 29. Kh2 Be4 30. f3 Bf5 31. g4 Qb2+ 32. Ng2 hxg4 33. hxg4 Bd3
34. Kg3 Bf1 35. Ne1 Qe2 36. Qd2 f5 37. Qxe2 Bxe2 38. gxf5 gxf5 39. Bg5 Bc3 40.
Kf2 Bxe1+ 41. Kxe2 Ba5 42. Ke3 Kf7 43. Kf4 Kg6 44. Bd8 Bd2+ 45. Kg3 Be1+ 46.
Kf4 Bd2+ 47. Kg3 Be1+ 1/2-1/2

[Event "XXVIII C.to Italiano a squadre"]
[Site "ITA"]
[Date "1996.??.??"]
[Round "?"]
[White "Mussoni, Marcello"]
[Black "Mione, Dario"]
[WhiteElo "1948"]
[BlackElo "2086"]
[Result "1/2-1/2"]
[PlyCount "131"]
[EventDate "1996.02.25"]

1. Nf3 d6 2. d4 Bg4 3. e4 Nf6 4. Bd3 Nc6 5. c3 g6 6. Nbd2 Bg7 7. h3 Bd7 8. O-O
Nh5 9. Re1 Nf4 10. Bf1 e5 11. Nc4 Qe7 12. Kh2 O-O 13. b3 b5 14. dxe5 Nxh3 15.
exd6 cxd6 16. gxh3 bxc4 17. Bg5 Qe6 18. Nd4 Nxd4 19. cxd4 d5 20. bxc4 dxe4 21.
Bf4 Bc6 22. Qd2 Qf5 23. Bg3 Rad8 24. d5 Bxa1 25. Rxa1 Bb7 26. Re1 Rc8 27. Qd4
Ba6 28. Rxe4 Rfd8 29. Be2 Re8 30. Rxe8+ Rxe8 31. Bf1 Qe4 32. Qf6 Bxc4 33. Bg2
Qf5 34. Qxf5 gxf5 35. a3 f6 36. Bf3 Re1 37. Bb8 a6 38. d6 Kf7 39. Bc7 Bb5 40.
Bd5+ Ke8 41. Bg8 h6 42. Bh7 Re5 43. Bg6+ Kd7 44. Kg3 Ke6 45. f3 Rc5 46. Ba5 Bd3
47. Bb4 Rc8 48. Kf2 Rg8 49. Bh5 Rg5 50. Be8 Bb5 51. f4 Rg8 52. Bh5 Rc8 53. Bd1
Rc1 54. Bb3+ Kd7 55. Bd5 Rd1 56. Bb3 Rd4 57. Bc2 Rxf4+ 58. Kg3 Rxb4 59. axb4
Kxd6 60. Kf4 Kd5 61. Kxf5 Bd7+ 62. Kxf6 Bxh3 63. Bd3 Bc8 64. Kg6 Kd4 65. Bxa6
Bxa6 66. Kxh6 1/2-1/2

[Event "XXVIII C.to Italiano a squadre"]
[Site "ITA"]
[Date "1996.??.??"]
[Round "?"]
[White "Nagni, Marco"]
[Black "Bertolini, Ettore"]
[WhiteElo "1606"]
[BlackElo "1668"]
[Result "1-0"]
[PlyCount "49"]
[EventDate "1996.02.25"]

1. d4 Nf6 2. c4 e5 3. dxe5 Ng4 4. Nf3 Nc6 5. e3 Bb4+ 6. Bd2 Bxd2+ 7. Qxd2 Ngxe5
8. Be2 O-O 9. O-O h5 10. Nc3 d6 11. Nd5 Be6 12. Rfd1 Nxf3+ 13. Bxf3 Ne5 14. Be2
c6 15. f4 Ng4 16. Nc3 Qb6 17. Bxg4 Bxg4 18. Re1 Rfe8 19. Qd4 Qxb2 20. Rab1 Qc2
21. e4 d5 22. Rec1 c5 23. Qxd5 Rad8 24. Qxd8 Rxd8 25. Rxc2 1-0

[Event "XXVIII C.to Italiano a squadre"]
[Site "ITA"]
[Date "1996.??.??"]
[Round "?"]
[White "Nurkic, Sahbaz"]
[Black "Cangiotti, Claudio"]
[WhiteElo "2365"]
[BlackElo "2220"]
[Result "1-0"]
[PlyCount "77"]
[EventDate "1996.02.25"]

1. e4 c5 2. c3 g6 3. d4 cxd4 4. cxd4 d5 5. e5 Bg7 6. Nc3 a6 7. Qb3 e6 8. Nf3
Ne7 9. h4 h6 10. Bd3 Nbc6 11. Be3 b5 12. Qd1 Bb7 13. Qd2 Qb6 14. O-O O-O-O 15.
Ne2 Kb8 16. b4 Rc8 17. Rfc1 Nf5 18. Bxf5 gxf5 19. Nf4 Bf8 20. a3 Be7 21. Nd3
Rhg8 22. Nc5 Qd8 23. a4 Bxc5 24. Rxc5 Na7 25. Bxh6 Bc6 26. Bg5 Qd7 27. a5 Rc7
28. Rac1 Rcc8 29. h5 Rh8 30. h6 Rcg8 31. Bf6 Rh7 32. Bg7 Rhxg7 33. hxg7 Rxg7
34. Qh6 Rg4 35. Ng5 Rxd4 36. Qf8+ Kb7 37. Nxf7 Rc4 38. Nd6+ Kc7 39. Qa8 1-0

[Event "XXVIII C.to Italiano a squadre"]
[Site "ITA"]
[Date "1996.??.??"]
[Round "?"]
[White "Pagnutti, Lorenzo"]
[Black "Vitri, Sergio"]
[WhiteElo "1972"]
[BlackElo "2105"]
[Result "0-1"]
[PlyCount "56"]
[EventDate "1996.02.25"]

1. e4 Nf6 2. e5 Nd5 3. d4 d6 4. c4 Nb6 5. f4 dxe5 6. fxe5 Nc6 7. Be3 Bf5 8. Nc3
e6 9. Nf3 Qd7 10. Be2 Rd8 11. O-O Bg4 12. c5 Nd5 13. Bc1 Be7 14. Ng5 Bxe2 15.
Nxe2 f6 16. exf6 Nxf6 17. Qa4 h6 18. Nf3 e5 19. dxe5 Bxc5+ 20. Kh1 Nxe5 21. Qc2
Nd3 22. Ne5 Nf2+ 23. Kg1 N2e4+ 24. Kh1 Qd5 25. Bf4 O-O 26. Ng6 Rf7 27. Nc3 Qf5
28. Nxe4 Nxe4 0-1

[Event "XXVIII C.to Italiano a squadre"]
[Site "ITA"]
[Date "1996.??.??"]
[Round "?"]
[White "Pangrazzi, Marco"]
[Black "De Poi, Paolo"]
[WhiteElo "2250"]
[BlackElo "2047"]
[Result "1-0"]
[PlyCount "95"]
[EventDate "1996.02.25"]

1. d4 Nf6 2. Nf3 g6 3. c4 Bg7 4. Nc3 O-O 5. e4 d6 6. h3 e5 7. d5 Nbd7 8. g4 Nc5
9. Qc2 a5 10. Be2 c6 11. Be3 cxd5 12. cxd5 Qe7 13. O-O-O b6 14. Nd2 Bd7 15. g5
Ne8 16. Nc4 Rb8 17. h4 f5 18. Bxc5 dxc5 19. d6 Qd8 20. Nd5 Rf7 21. Ne7+ Rxe7
22. dxe7 Qxe7 23. Ne3 fxe4 24. Qxe4 Be6 25. Bc4 Nc7 26. Qc6 Bxc4 27. Nxc4 Qf7
28. b3 e4 29. Rd7 Qf4+ 30. Kb1 Ne8 31. Re7 Kf8 32. Qxe4 Qxf2 33. Re1 Nd6 34.
Qc2 Qxc2+ 35. Kxc2 Nf5 36. Rd7 Nxh4 37. Ree7 Nf5 38. Rf7+ Kg8 39. Rb7 Rxb7 40.
Rxb7 b5 41. Nxa5 h5 42. gxh6 Bxh6 43. Kd3 b4 44. Rc7 Bf8 45. Nb7 Nd4 46. Nxc5
Nb5 47. Rc8 Na7 48. Ra8 1-0